Guess the Taylor Swift Song (no hints) 34 - Statistics

General Stats
  • This quiz has been taken 253 times
  • The average score is 379 of 484
Answer Stats
Answer % Correct
I
100%
(I)
100%
a
98%
the
96%
The
96%
you
96%
you,
96%
(you)
96%
(you
96%
it
92%
love
92%
and
91%
And
91%
be
90%
I'm
90%
is
90%
me,
90%
me
90%
my
90%
My
90%
on
90%
your
90%
(your
90%
of
89%
to
89%
(to)
89%
in
87%
you're,
87%
you're
87%
You're
87%
for
86%
For
86%
If
86%
(if)
86%
Don't
85%
I'll
85%
(I'll
85%
no)
82%
so
81%
Oh
80%
Oh,
80%
oh
80%
(oh)
80%
They
80%
this
80%
been
78%
too
78%
was
78%
baby
77%
baby)
77%
baby,
77%
I'd
77%
I've
77%
time,
77%
time
77%
time"
77%
life
76%
life,
76%
Just
75%
just
75%
(just)
75%
mine
75%
would
74%
(would)
74%
but
73%
made
72%
rest
72%
say,
72%
blame
71%
crazy
71%
doesn't,
71%
right
71%
right,
71%
right)
71%
save
70%
ain't
69%
drug
69%
Every
69%
every
69%
usin'
69%
Usin'
69%
usin')
69%
doin'
68%
(doin'
68%
Lord,
68%
now
68%
them
68%
with
68%
from
63%
long
63%
lovin'
63%
gone
62%
"She's
61%
first
60%
get
60%
far
59%
mind
59%
once
59%
name
57%
touch
57%
away
56%
call
56%
waste
55%
face
54%
gonna
54%
guys
54%
hearts
54%
lose
54%
stay
54%
beg
53%
breakin'
53%
ivy,
53%
knees
53%
poison
52%
Something
52%
touchin'
52%
walk
52%
cross
51%
daisy
51%
decide
51%
high,
51%
line
51%
need
51%
older
51%
things
51%
whatever
51%
Toyin'
50%
(yeah,
50%
fall
49%
Halo,
49%
Echoes
48%
(echoes)
48%
grace
48%
happened
47%
insane,
47%
play
47%
use
47%
inside
46%
paradise
46%
darkest
41%
hiding
41%
obsession
41%
Shakin,
41%
Trip
41%
little
38%
ooh)
34%
pacin',
30%
No matching quizzes found
Score Distribution
Percent of People with Each Score
Percentile by Number Answered
Your Score History
You have not taken this quiz